| 000 | 00542nam a2200181Ia 4500 | ||
|---|---|---|---|
| 003 | GCL | ||
| 008 | 140319s9999 xx 000 0 ara d | ||
| 040 |
_aGCL / _cGCL |
||
| 082 | 0 | 4 |
_a212.1 _bل ط |
| 100 | 1 | _aلطفى بركة احمد | |
| 245 | 1 | 0 |
_aالطبيعة البشرية فى القرأن الكريم / _cلطفى بركة احمد |
| 260 |
_a[S.N] : _bدار المريخ للنشر ، _c1981 |
||
| 300 | _a192 ص | ||
| 490 | _a | ||
| 650 | 0 | 4 | _aالشريعة الاسلامية |
| 650 | 0 | 4 | _aالقران |
| 942 |
_2ddc _cBK |
||
| 999 |
_c49759 _d49759 |
||